| 000 | 005680000a22001090004500 | ||
|---|---|---|---|
| 100 | 1 | _aZuccherino, Daniel | |
| 245 | 1 | 0 | _a¿Qué es un discípulo? Se necesitan ejemplos... |
| 300 | _aVol.4, núm.13 (1998), Página 200 | ||
| 500 | _aDaniel Zucherino es además de pastor, maestro y autor, abogado y profesor universitario. Ha servido como evangelista del equipo "Vida Nueva" y como asociado del Dr. Luis Palau. Desde 1984 conduce el programa radial "Después de la Noticia" (HCJB) que se difunde en todo el continente. | ||
| 773 | 0 | _tConquista Cristiana | |
| 942 | _cANA | ||
| 999 |
_c60677 _d60677 |
||